000 00836pam a2200277 a 4500
001 3840240
003 NUST - PNEC
005 20170116181135.0
008 870512s1988 nyua b 001 0 eng
010 _a 87014190
020 _a0023572205 (pbk.)
040 _cLIBRARY
050 0 0 _aT11
_b.H59 1988
082 0 0 _a808.0666 HOU
_219
100 1 _aHoup, Kenneth W.,
_d1913-
245 1 0 _aReporting technical information /
_cKenneth W. Houp, Thomas E. Pearsall.
250 _a6th ed.
260 _aNew York :
_bMacmillan ;
_aLondon :
_bCollier Macmillan,
_cc1988.
300 _axvii, 596 p. :
_bill. ;
_c24 cm.
500 _aIncludes index.
504 _aBibliography: p. 570-573.
650 0 _aTechnical writing.
700 1 _aPearsall, Thomas E.
906 _a7
_bcbc
_corignew
_d1
_eocip
_f19
_gy-gencatlg
942 _2ddc
_cBK
999 _c70170
_d70170